000 00487nam a2200229Ia 4500
003 IT-RoPAU
008 120407s9999 xx 000 0 und d
040 _aIT-RoPAU
040 _cIT-RoPAU
041 _aita
100 _aPaolo Sardi
245 _aL’aborto ieri e oggi.
250 _aBrescia
260 _aPaideia
260 _c1975
300 _a390 p.
300 _c21 cm
490 _aBiblioteca di cultura religiosa
490 _v26
942 _cBK
999 _c33922
_d33922